000 00340nam a2200121Ia 4500
008 220901s9999||||xx |||||||||||||| ||und||
082 _a624.1834 KAN
100 _aKandasami, Sivakumar
245 4 _aThe indian concrete journal
250 _aVol. 93 & Issue No. 9, 10, 11 &12
260 _bACC Limited
_c2019
650 _aConcrete technology
999 _c193898
_d193898